| 000 | 00478nam a2200169 a 4500 | ||
|---|---|---|---|
| 005 | 20221026063602.0 | ||
| 008 | 991125s1932 mx 000 0 spa u | ||
| 035 | _aUPN01000002951 | ||
| 049 | _aCG | ||
| 050 | 4 |
_aQL722 _bS3.2 |
|
| 100 | 1 |
_aSalazar, Juan B. _929895 |
|
| 245 | 1 | 0 |
_aAnimales mexicanos : _bmamíferos / _cpor Juan B. Salazar ; il. de A. R. Gómez. |
| 260 |
_aMéxico : _b[s.n.], _c1932. |
||
| 300 |
_a244 p. : _bil. |
||
| 650 | 4 |
_aMAMIFEROS - _zMEXICO |
|
| 905 | _aLibro | ||
| 999 |
_c2951 _d2951 |
||